000 00241nam a22001097a 4500
082 _a621.38889 HEA'R
100 _aHEATH, G. WARREN
_956549
245 _aRAPID TV REPAIR
260 _aNEWYORK
_bGERNBOOK
_c1956
300 _a224P
942 _cBK
999 _c566940
_d566940